UNE STRATEGIA POUR REMONTER LA CROISSANCE DE L'EGLISE ADVENTISTE DE KARINZI AU RWANDA (Record no. 8144)

MARC details
000 -LEADER
fixed length control field 00567nam a22001697a 4500
003 - CONTROL NUMBER IDENTIFIER
control field AUA.1
005 - DATE AND TIME OF LATEST TRANSACTION
control field 20191024185602.0
008 - FIXED-LENGTH DATA ELEMENTS--GENERAL INFORMATION
fixed length control field 121025t xxu||||| |||| 00| 0 eng d
040 ## - CATALOGING SOURCE
Transcribing agency JTL
100 ## - MAIN ENTRY--PERSONAL NAME
Personal name Karemera Elie
9 (RLIN) 27931
245 ## - TITLE STATEMENT
Title UNE STRATEGIA POUR REMONTER LA CROISSANCE DE L'EGLISE ADVENTISTE DE KARINZI AU RWANDA
Statement of responsibility, etc Elie Karemera
300 ## - PHYSICAL DESCRIPTION
Extent 79 p. :
Dimensions 29 cm.
650 ## - SUBJECT ADDED ENTRY--TOPICAL TERM
Topical term or geographic name as entry element Croissance de L'eglise Adventiste
9 (RLIN) 27932
650 ## - SUBJECT ADDED ENTRY--TOPICAL TERM
Topical term or geographic name as entry element Beliefs
Form subdivision Seventh-day Adventists
9 (RLIN) 27933
650 ## - SUBJECT ADDED ENTRY--TOPICAL TERM
Topical term or geographic name as entry element Revival
9 (RLIN) 27934
942 ## - ADDED ENTRY ELEMENTS (KOHA)
Source of classification or shelving scheme AUA Inhouse Classification
Koha item type Project
Classification part MA PTh
Item part .K37 2009
Holdings
Withdrawn status Lost status Source of classification or shelving scheme Damaged status Not for loan Collection code Home library Current library Shelving location Date acquired Source of acquisition Cost, normal purchase price Serial Enumeration / chronology Full call number Barcode Date last seen Cost, replacement price Price effective from Koha item type Copy number
    AUA Inhouse Classification     JTL Research Collection Judith Thomas Library Judith Thomas Library Judith Thomas Library Research Section 25/10/2012 AUA RESEARCH DEPARTMENT 15.00 AUA011158 MA PTh .K37 2009 AUA011158 25/10/2012 15.00 25/10/2012 Project  
    AUA Inhouse Classification     JTL Research Collection Judith Thomas Library Judith Thomas Library Judith Thomas Library Research Section 25/10/2012 AUA RESEARCH DEPARTMENT 15.00 AUA011159 MA PTh .K37 2009 AUA011159 25/10/2012 15.00 25/10/2012 Project 2